| 000 | 01127cam a22003495i 4500 | ||
|---|---|---|---|
| 999 |
_c2014 _d2014 |
||
| 003 | EG-ScBUE | ||
| 005 | 20200119104221.0 | ||
| 008 | 190728t20052005nyua f b 001 0deng d | ||
| 020 | _a0321209397 | ||
| 020 | _a9780321209399 | ||
| 040 |
_aEG-ScBUE _beng _erda _cEG-ScBUE _dEG-ScBUE |
||
| 082 | 0 | 4 |
_a808.1 _bKEN _222 |
| 100 | 1 |
_aKennedy, X. J., _eauthor. _918877 |
|
| 245 | 1 | 3 |
_aAn introduction to poetry / _cX.J. Kennedy, Dana Gioia. |
| 246 | 3 | 0 | _aPoetry |
| 250 | _aEleventh edition. | ||
| 264 | 1 |
_aNew York : _bPearson Education / Pearson Longman, _c[2005] |
|
| 264 | 4 | _cc2005 | |
| 300 |
_axlv, 744 pages : _billustrations ; _c24 cm |
||
| 336 |
_atext _btxt _2rdacontent |
||
| 337 |
_aunmediated _bn _2rdamedia |
||
| 338 |
_avolume _bnc _2rdacarrier |
||
| 504 | _aIncludes bibliographical references and index. | ||
| 520 | _aIncludes a collection of contemporary poems. | ||
| 650 | 7 |
_aPoetics. _2BUEsh _940332 |
|
| 650 | 7 |
_aEnglish poetry. _2BUEsh _930774 |
|
| 650 | 7 |
_aAmerican poetry. _2BUEsh _930775 |
|
| 651 | _2BUEsh | ||
| 653 |
_bHHUUEENN _cJuly2019 |
||
| 700 | 1 |
_aGioia, Dana, _eauthor. _918878 |
|
| 942 |
_cBB _2ddc |
||